| 000 | 00507nam a22001937a 4500 | ||
|---|---|---|---|
| 003 | OSt | ||
| 005 | 20180116183029.0 | ||
| 008 | 151217b xxu||||| |||| 00| 0 eng d | ||
| 020 | _a02-603-2013-2 | ||
| 024 | _202-603-2013-2 | ||
| 040 | _cLahore LUMS | ||
| 082 | _a174.4 LUM 2013 | ||
| 100 | _aPASHA AG | ||
| 245 |
_aTHE PFC AWARDS _c PASHA AG |
||
| 260 |
_aLahore LUMS _b Lahore University of Management Sciences _c2013 |
||
| 300 |
_a41 p. _bPapers |
||
| 440 | _aTHE PFC AWARDS | ||
| 942 |
_2ddc _cCS |
||
| 999 |
_c350949 _d350949 |
||